Sports Quiz

Random Sports or NFL Quiz

Best NFL Free Agent Signings Quiz Stats

 Plays Quiz not verified by Sporcle

Challenge
Share
Tweet
Embed
Score 0/17 Timer 06:00
0 Plays Today
Year Player % Correct
2006Drew Brees
73.2%
1993Reggie White
64.3%
2009Albert Haynesworth
61.4%
2008Jared Allen
48.2%
1994Deion Sanders
44.9%
1995Deion Sanders
44.9%
2001Priest Holmes
43.4%
1999Rich Gannon
37.9%
2005Plaxico Burress
37.1%
Year Player % Correct
2003Jake Delhomme
33.1%
1998Curtis Martin
30.1%
2007Leonard Davis
26.1%
2002James Farrior
12.1%
1996Troy Vincent
9.6%
2004John Lynch
8.1%
1997Tony Siragusa
5.1%
2000Jon Runyan
4.8%

You're not logged in!

Compare scores with friends on all Sporcle quizzes.
Join for Free
OR
Log In

You Might Also Like...

Show Comments

Extras

Top Quizzes Today


Score Distribution

Your Account Isn't Verified!

In order to create a playlist on Sporcle, you need to verify the email address you used during registration. Go to your Sporcle Settings to finish the process.

Report this User

Report this user for behavior that violates our Community Guidelines.

Details: